000
00323pam a2200145 a 4500
020
_c
041
_a
eng
082
_a
610.03
_b
HAR
100
_a
Harison, LM.
245
_a
The Pocket Medical Dictionary
_h
Textual Documents
250
_a
2005.
260
_a
[s.l]:
_b
CBS PUB and DIS
300
_a
454 pg .
930
_a
9467
999
_c
86372
_d
86372